000 00896nam a2200265Ia 4500
003 OSt
005 20221005104410.0
006 a|||||r|||| 00| 0
007 ta
008 221004b |||||||| |||| 00| 0 hin d
024 _a31923
037 _cTextual
040 _aCRL
_cCRL
_bhin
041 _2hin
_ahin
082 _aO152,1N25, M1
100 _aभारती, धर्मवीर
245 0 _aकनुप्रिया
246 _aKanupriyā
260 _aदिल्ली
_bभारतीय ज्ञानपीठ प्रकाशन भारत
_c1981
300 _a83पृ.
_ccm.
490 _aलोकोदय ग्रंथमाला: ग्रंथांक; 86
650 _aसंगीत शास्त्र
942 _hO152,1N25, M1
_cTEXL
_2cc
999 _c1012592
_d1012592